Identita a ľudský kapitál Rómov

Riešenie problémov rómskych osád a mestských get sa má zamerať na efektívnosť, nie na efekt. Právomoci a zodpovednosť samospráv. Kto je Róm? Špecifiká rómskej problematiky. Náčrt aktuálnych riešení.

Guardado en:
Detalles Bibliográficos
Autor principal: Loran, Tibor
Formato: Capítulo de libro
Lenguaje:eslovaco
Materias:
Etiquetas: Agregar Etiqueta
Sin Etiquetas, Sea el primero en etiquetar este registro!

MARC

LEADER 00000naa$a2200000$$$4500
001 0096525
005 20231016085953.8
041 0 |a slo 
044 |a SK 
245 1 0 |a Identita a ľudský kapitál Rómov  |c Tibor Loran 
520 |a Riešenie problémov rómskych osád a mestských get sa má zamerať na efektívnosť, nie na efekt. Právomoci a zodpovednosť samospráv. Kto je Róm? Špecifiká rómskej problematiky. Náčrt aktuálnych riešení. 
610 2 0 |a Rómovia 
610 2 0 |a identita 
610 2 0 |a kapitál ľudský 
610 2 0 |a úroveň životná 
610 2 0 |a samospráva 
100 1 |a Loran, Tibor